00545nam a2200217Ia 4500003000400000005001700004006001800021007000300039008004100042037001700083040001800100041001300118082001900131100002000150245003300170250000800203260005200211300002000263500002400283650002000307OSt20220925214855.0a|||||r|||| 00| 0ta220923b |||||||| |||| 00| 0 eng d cGeneral Book aRTLcRTLbeng 2engaeng aX61z7, K7;K9;8 aJohnson Harry G 0aEssays in monetary economics a2nd aLondonbGeorge Allen and Unwin U. K. c1969 axvi, 332p.ccm. aAppendix: p 321-323 aEconomics-Money